| 000 | 01039cab a2200313 4500 | ||
|---|---|---|---|
| 001 | ABS49618 | ||
| 008 | 090401t1993 xxu||||| |||| 00| 0 eng d | ||
| 035 | _a(Sirsi) u71960 | ||
| 041 | _aeng | ||
| 100 | _aEvans, B. | ||
| 245 | _aLow-energy design for a high-tech office | ||
| 260 | _c1993 | ||
| 350 | _a0 | ||
| 490 |
_aArchitects` Journal _v198(19) 17 November 1993, 29-32(4) |
||
| 520 | _aThe new company, Ionica, providing a national telephone service is `IT-intensive`. This article shows how the building was designed for natural ventilation. | ||
| 650 | _aB1 BUILDINGS | ||
| 650 | _aBUILT ENVIRONMENT-CONSTRUCTION DESIGN | ||
| 650 | _aENERGY CONSERVATION | ||
| 650 | _aENERGY EFFICIENCY | ||
| 650 | _aIONICA | ||
| 650 | _aLOW-ENERGY OFFICES | ||
| 650 | _aNATURAL VENTILATION | ||
| 650 | _aOFFICE BUILDINGS | ||
| 690 | _aBUILT ENVIRONMENT-CONSTRUCTION DESIGN | ||
| 690 | _aBUILDING AND CONSTRUCTION-ENERGY CONSERVATION | ||
| 690 | _aBUILDING AND CONSTRUCTION-PROJECTS | ||
| 942 | _n0 | ||
| 948 | _c04/03/1997 | ||
| 999 |
_c45392 _d45392 |
||